| 000 | 00459nam a2200193Ia 4500 | ||
|---|---|---|---|
| 005 | 20240823013227.0 | ||
| 008 | 240823s9999||||xx |||||||||||||| ||und|| | ||
| 041 | _aENGLISH | ||
| 082 | _A515.7 N1 | ||
| 100 | _aChoudhury B | ||
| 245 | 0 | _aFunctional Analysis with Applications | |
| 250 | _a1st | ||
| 260 |
_c1991 _b"Wiley,New Delhi" |
||
| 500 | _aYES | ||
| 650 |
_aAnalysis _bMathematics |
||
| 700 | _a Sudarsan Nanda | ||
| 942 | _cBK | ||
| 999 |
_c166638 _d166638 |
||